000 00887nam a2200205 a 4500
001 000041561
005 20201002035635.0
008 131011s2003 sp ab 000 0 spa d
020 _a8400081528
040 _aDO-SdBNP
_bspa
_cBNPHU
082 _axxx
_bD948
100 1 _aDuran Duelt, Daniel.
_968305
245 1 0 _aKastellórizo, una isla griega bajo dominio de Alfonso el Magnánimo :
_b(1450-1458) : colección documental /
_cDaniel Duran Duelt.
260 _aBarcelona :
_bConsejo Superior de Investigaciones Científicas: Institución Milá y Fontanals,
_bDepartamento de Estudios Medievales,
_c2003.
300 _a154 p. :
_bil., maps ;
_c24 cm.
490 1 _aAnuario de estudios medievales
_aanejo
_v49
500 _aIncluye referencias bibliográficas y notas al pie de páginas.
504 _aBibliografía: p. 139-148
830 0 _aAnuario de estudios medievales
_n49
_panejo
_968306
999 _c41051
_d41051